000 00327nam a2200133Ia 4500
005 20251222144912.0
008 251222s9999||||xx |||||||||||||| ||spa||
020 _a84-206-2036-X
082 _a339.47/F84
100 _aFriedman, Milton
245 0 _aUna Teoría de la Función de Consumo
264 _b Alianza
942 _cLIB
999 _c22391
_d22391